000 00413nam a2200181Ia 4500
003 OSt
005 20140402145036.0
008 140130s9999 xx 000 0 und d
050 _aPZ 7
_b.B6915Ci 1984
245 _cBoyd , Candy Dawson
_aCircle of Gold
260 _bScholastic,
_c1984
300 _a134 p. :
_c20 cm.
440 _v1
521 _aG4
526 _c610
942 _cBK
_2lcc
999 _c40765
_d40765